000 00715nam a22002297a 4500
005 20140310183633.0
008 131122b xxu||||| |||| 00| 0 eng d
020 _a9781259004957
050 _aTX 911
_b.K96 2012
100 _aKumar, Prasanna.
245 _aCost and financial management for hotels /
_cPrasanna Kumar, Linda Nalini Daniel, Mruthyunjaya Pagad.
260 _aNew Delhi :
_bTata McGraw-Hill,
_c2012.
300 _axvii, 459 p. :
_bill. ;
_c23 cm.
504 _aIncludes Index.
521 _aTOU
650 _aHotels
_xFinance.
650 _aHospitality industry
_xFinance.
700 _aDaniel, Linda Nalini
710 _aPagad, Mruthyunjaya
942 _2lcc
_cBK
_kFOR
999 _c25650
_d25650